Quiz o polskich politykach *łatwy* - Statystyki

Ogólne statystyki
  • Ten quiz został rozwiązany 831 razy
  • Średni wynik to 9 z 12
Statystyki odpowiedzi
Obrazkowy Hint Odpowiedź % Poprawnych
Prawo i Sprawiedliwość Jarosław Kaczyński
100%
KORWiN Janusz Korwin-Mikke
95%
Kukiz 15 Paweł Kukiz
93%
Wiosna Robert Biedroń
93%
Konfederacja Korony Polskiej Grzegorz Braun
82%
Platforma Obywatelska Grzegorz Schetyna
82%
Polskie Stronnictwo Ludowe Władysław Kosiniak-Kamysz
78%
Lewica Razem Adrian Zandberg
65%
Sojusz Lewicy Demokratycznej Włodzimierz Czarzasty
63%
Ruch Narodowy Robert Winnicki
43%
Inicjatywa Polska Barbara Nowacka
42%
Nowoczesna Adam Szłapka
19%
Nie znaleziono quizów pasujących do podanych kryteriów
Rozkład punktacji
Procent ludzi z każdym wynikiem
Percentyl według liczby udzielonych odpowiedzi
Twoja historia wyników
Nie rozwiązałeś tego quizu